Welcome to the Holygrace Academy Library

Please use search bar below to get started

TREASURE ISLAND (Record no. 9145)

MARC details
000 -LEADER
fixed length control field 00307nam a22001337a 4500
082 ## - DEWEY DECIMAL CLASSIFICATION NUMBER
Classification number 823
Item number STE/T
100 ## - MAIN ENTRY--AUTHOR NAME
Personal name STEVENSON, ROBERT LOISE
245 ## - TITLE STATEMENT
Title TREASURE ISLAND
246 ## - VARYING FORM OF TITLE
Title proper/short title TREASURE ISLAND
Remainder of title TREASURE ISLAND
260 ## - PUBLICATION, DISTRIBUTION, ETC. (IMPRINT)
Place of publication THRISSUR
Name of publisher H& C
Year of publication 2025
300 ## - PHYSICAL DESCRIPTION
Number of Pages 160
650 ## - SUBJECT ADDED ENTRY--TOPICAL TERM
Topical Term ENGLISH STORY
942 ## - ADDED ENTRY ELEMENTS (KOHA)
Koha item type Books
Holdings
Withdrawn status Lost status Collection code Home library Current library Date acquired Source of acquisition Cost, normal purchase price Full call number Accession Number Koha item type
    ENGLISH FICTION Main Library Main Library 06/10/2025 COTRIBUTION 80.00 823 STE/T 13860 Books